000 00565nam a2200145Ia 4500
008 170221s9999 xx 000 0 und d
100 _aSergey Sergeevich Skobkin
245 _aMethodological Approaches to the Formation of the Quality Management System for Hotels in Russian Federation
245 _cSergey Sergeevich Skobkin, Yana Andreevna Belavina, Kalita Gleb Vadimovich
260 _bInternational Review of Management and Marketing
260 _c2016
300 _a15 : 10
650 _xMarketing.
856 _uhttp://www.econjournals.com/index.php/irmm
999 _c311838
_d311838